000 01230cad a22002295a 4500
001 L145949
008 081125s2008 xxkad f s 000 0 eng d
035 _a(Sirsi) u145949
041 0 _aeng
050 0 4 _a333.337 $2 18
110 2 _aInvestment Property Databank
_92288
245 0 0 _aIPD space code
_bmeasuring the space performance of buildings
_h[electronic resource]
260 _aLondon
_bIPD
_c2008
520 _aProvides a conceptual measurement framework for collecting spatial information on commercial property and to assess the space performance of buildings. Aims to increase the efficiency and effectiveness of commercial buildings, including reducing environmental impacts, through (a) the more effective use of space, (b) improving workplace design and by (c) providing a transparent basis for measurement, comparison and benchmarking.
590 _aKA NTK
651 4 _aInternational
690 _aPROPERTY-PROPERTY APPRAISAL AND VALUATION
690 _aPROPERTY-COMMERCIAL PROPERTY-COMMERCIAL PROPERTY MARKET
710 1 _aRoyal Institution of Chartered Surveyors
_94900
856 4 0 _uhttps://www.ipdoccupiers.com/Default.aspx?TabId=996
_zView this report free of charge at www.rics.org...
942 _n0
999 _c108980
_d108980